| 000 | 01079nam a2200301Ia 4500 | ||
|---|---|---|---|
| 999 |
_c7345 _d7345 |
||
| 001 | 22167190 | ||
| 003 | OSt | ||
| 005 | 20190207165916.0 | ||
| 008 | 900801r19901987cau b 001 0 eng d | ||
| 020 | _a0062548670 (pbk.) : | ||
| 040 |
_aABF _cABF _dOWU |
||
| 082 |
_a937 _bP384E |
||
| 090 |
_aDG312 _b.P38 1990 |
||
| 100 | 1 |
_aPelikan, Jaroslav, _d1923-2006 |
|
| 245 | 1 | 4 |
_aThe excellent empire : _bthe fall of Rome and the triumph of the church / _cJaroslav Pelikán |
| 250 | _a1st Harper & Row paperback ed | ||
| 260 |
_aSan Francisco : _bHarper & Row, _c1990, c1987 |
||
| 300 |
_axiii, 133 p. ; _c21 cm |
||
| 490 | 1 |
_aRauschenbusch lectures ; _vnew ser., 1 |
|
| 500 | _aIncludes index | ||
| 504 | _aIncludes bibliographical references (p. [117]-129) | ||
| 600 | 1 | 0 |
_aGibbon, Edward, _d1737-1794. _tHistory of the decline and fall of the Roman Empire |
| 650 | 0 | _aFathers of the church | |
| 650 | 0 |
_aChurch history _yPrimitive and early church, ca. 30-600 |
|
| 651 | 0 |
_aRome _xHistory _yEmpire, 284-476 |
|
| 830 | 0 |
_aRauschenbusch lectures ; _vnew ser., 1 |
|
| 942 |
_2ddc _cBK |
||